000 00575nam a2200193Ia 4500
008 120829t1963 xxu||||| |||| 00| 0 sin d
041 _asin
080 _a8 S. 03 : 840 - 31
_bVOL
100 _aVoltaire
245 _aසුසිදුව හෙවත් නොවකුව
246 _aSusiduwa Hewath Nowakuwa
260 _aM. D. Gunasena
_aColombo
_c1963
300 _b139p, 18 cm
500 _aSinhalese Translation of Voltaire's of Candide
700 _aMoragodage,Newton Pinthu
_etr.
942 _cBK
999 _c39568
_d39568
003 LK-CoDNM
040 _aLK-CoDNM
_dLK-CoDNM
_eLK-CoDNM